مكتبة جامعة عجلون الوطنية

فهرس بحث المكتبة

Normal view MARC view
  • المعوقون-تربية وتعليم. المعوقون-رعاية وعلاج

Entry Topical Term

Number of records used in: 1

001 - CONTROL NUMBER

  • control field: 44686

003 - CONTROL NUMBER IDENTIFIER

  • control field: JO-AjAnu

005 - DATE AND TIME OF LATEST TRANSACTION

  • control field: 20230606081410.0

008 - FIXED-LENGTH DATA ELEMENTS

  • fixed length control field: 230606|| aca||aabn | a|a d

040 ## - CATALOGING SOURCE

  • Original cataloging agency: JO-AjAnu
  • Transcribing agency: JO-AjAnu

150 ## - HEADING--TOPICAL TERM

  • Topical term or geographic name entry element: المعوقون-تربية وتعليم. المعوقون-رعاية وعلاج

670 ## - SOURCE DATA FOUND

  • Source citation: Work cat.: (JO-AjAnu)22880: عبد المعطي، حسن مصطفى مؤلف/أبو قلة، عبد الحميد م.مشارك, author 44685, مدخل إلى التربية الخاصة